|
|
|
|
| LEADER |
01673nam a2200433 a 4500 |
| 001 |
000642781 |
| 003 |
CZ BrMZK |
| 005 |
20061220121243.0 |
| 007 |
ta |
| 008 |
021217s2002 xr e p eng d |
| 020 |
|
|
|a 80-246-0487-6
|
| 040 |
|
|
|a OSA001
|b cze
|d BOA001
|
| 072 |
|
7 |
|a 811.111
|x Angličtina
|2 Konspekt
|9 11
|
| 072 |
|
7 |
|a 37.016
|x Učební osnovy. Vyučovací předměty. Učebnice
|2 Konspekt
|9 22
|
| 080 |
|
|
|a 811.111
|2 MRF
|
| 080 |
|
|
|a 33
|2 MRF
|
| 080 |
|
|
|a 81'373.46
|2 MRF
|
| 080 |
|
|
|a (075.8)
|2 MRF
|
| 080 |
|
|
|a (072)
|2 MRF
|
| 100 |
1 |
|
|a Kaftan, Miroslav
|7 ola2003198084
|4 aut
|
| 245 |
1 |
0 |
|a English in economics :
|b teacher's book /
|c [Miroslav Kaftan, Libuše Horáková]
|
| 246 |
3 |
1 |
|a Angličtina v ekonomii a hospodářství
|
| 250 |
|
|
|a 2. vyd.
|
| 260 |
|
|
|a Praha :
|b Karolinum,
|c 2002
|
| 300 |
|
|
|a 46 s. ;
|c 23 cm
|
| 500 |
|
|
|a Vydavatel: Univerzita Karlova v Praze
|
| 500 |
|
|
|a Název z obálky
|
| 650 |
0 |
7 |
|a angličtina
|7 ph114056
|2 czenas
|
| 650 |
0 |
7 |
|a ekonomie
|7 ph114430
|2 czenas
|
| 650 |
0 |
7 |
|a oborová terminologie
|7 ph138998
|2 czenas
|
| 655 |
|
7 |
|a učebnice vysokých škol
|7 fd133772
|2 czenas
|
| 655 |
|
7 |
|a metodické příručky
|7 fd132826
|2 czenas
|
| 700 |
1 |
|
|a Horáková, Libuše,
|d 1952-
|7 ola2003198085
|4 aut
|
| 710 |
2 |
|
|a Univerzita Karlova
|7 kn20010710036
|
| 910 |
|
|
|a BOA001
|b 2-1111.255
|
| 990 |
|
|
|a BK
|
| 996 |
6 |
|
|b 2610177889
|c 2-1111.255
|l MZK
|r Sklad / do 1 hodiny
|n 3
|p p.v.
|w 000642781
|u 000010
|a 1
|e BOA001
|j MZK50
|s P
|
| 996 |
7 |
|
|b 2610179228
|c 2-1111.255
|l MZK
|r Sklad / do 1 hodiny
|n 18
|p kup
|w 000642781
|u 000020
|a 1
|e BOA001
|j MZK50
|s A
|
| 996 |
7 |
|
|b 2610279434
|c 2-1111.255
|l MZK
|r Sklad / do 1 hodiny
|n 4
|p kup
|w 000642781
|u 000030
|a 1
|e BOA001
|j MZK50
|s A
|